<?xml version="1.0" encoding="UTF-8"?>
<record
    xmlns:xsi="http://www.w3.org/2001/XMLSchema-instance"
    xsi:schemaLocation="http://www.loc.gov/MARC21/slim http://www.loc.gov/standards/marcxml/schema/MARC21slim.xsd"
    xmlns="http://www.loc.gov/MARC21/slim">

  <leader>02254nam a2200265 a 4500</leader>
  <controlfield tag="001">000021979</controlfield>
  <controlfield tag="005">20240229161930.0</controlfield>
  <controlfield tag="008">100915s1979    dr            001 0 spa d</controlfield>
  <datafield tag="040" ind1=" " ind2=" ">
    <subfield code="a">DO-SdBNP</subfield>
    <subfield code="b">spa</subfield>
    <subfield code="c">BNPHU</subfield>
  </datafield>
  <datafield tag="082" ind1=" " ind2=" ">
    <subfield code="a">972.93</subfield>
    <subfield code="b">B562o</subfield>
  </datafield>
  <datafield tag="100" ind1="1" ind2=" ">
    <subfield code="a">Betances de Pujadas, Estrella</subfield>
    <subfield code="9">45564</subfield>
  </datafield>
  <datafield tag="245" ind1="1" ind2="0">
    <subfield code="a">Origen y proyecciones del protectoralismo dominicano /</subfield>
    <subfield code="c">Estrella Betances de Pujadas ; palabras previas de Carlos Federico P&#xE9;rez.</subfield>
  </datafield>
  <datafield tag="260" ind1=" " ind2=" ">
    <subfield code="a">Santo Domingo :</subfield>
    <subfield code="b">Alfa y Omega,</subfield>
    <subfield code="c">1979.</subfield>
  </datafield>
  <datafield tag="300" ind1=" " ind2=" ">
    <subfield code="a">179 p. ;</subfield>
    <subfield code="c">23 cm.</subfield>
  </datafield>
  <datafield tag="504" ind1=" " ind2=" ">
    <subfield code="a">Incluye bibliograf&#xED;a y notas al final de cap&#xED;tulos.</subfield>
  </datafield>
  <datafield tag="504" ind1=" " ind2=" ">
    <subfield code="a">Bibliograf&#xED;a: p. 173-175.</subfield>
  </datafield>
  <datafield tag="505" ind1="0" ind2=" ">
    <subfield code="g">Palabras previas /</subfield>
    <subfield code="r">Carlos Federico P&#xE9;rez --</subfield>
    <subfield code="g">Introducci&#xF3;n --</subfield>
    <subfield code="t">Nociones geogr&#xE1;ficas de la Isla de Santo Domingo y principales razones que despertaron el inter&#xE9;s de otras naciones hacia ella --</subfield>
    <subfield code="t">Formaci&#xF3;n de la colonia espa&#xF1;ola de la Isla de Santo Domingo --</subfield>
    <subfield code="t">Decadencia de La Espa&#xF1;ola --</subfield>
    <subfield code="t">Formaci&#xF3;n de la parte francesa de la Isla de Santo Domingo --</subfield>
    <subfield code="t">Contradicci&#xF3;n entre las partes espa&#xF1;ola y francesa de la Isla de Santo Domingo --</subfield>
    <subfield code="t">Justificados temores de la parte espa&#xF1;ola de la isla debido a las tr&#xE1;gicas experiencias vividas por esta comunidad --</subfield>
    <subfield code="t">La b&#xFA;squeda de la protecci&#xF3;n:</subfield>
    <subfield code="t">Toussaint Louverture -expedici&#xF3;n de Leclerc --</subfield>
    <subfield code="t">Juan S&#xE1;nchez Ram&#xED;rez -per&#xED;odo de la reconquista --</subfield>
    <subfield code="t">N&#xFA;&#xF1;ez de C&#xE1;ceres --</subfield>
    <subfield code="t">Nuevos intentos en favor de Espa&#xF1;a --</subfield>
    <subfield code="t">Plan Levasseur y otros intentos protectoralistas anteriores a la proclamaci&#xF3;n de la 1ra Rep&#xFA;blica --</subfield>
    <subfield code="t">Otros proyectos protectoralistas de menor importancia --</subfield>
    <subfield code="t">1844 -Per&#xED;odo de la 1ra Rep&#xFA;blica --</subfield>
    <subfield code="t">1863 -Per&#xED;odo de la anexi&#xF3;n y de la Guerra de Restauraci&#xF3;n --</subfield>
    <subfield code="t">La Segunda Rep&#xFA;blica --</subfield>
    <subfield code="t">Gobierno de Ram&#xF3;n C&#xE1;ceres --</subfield>
    <subfield code="t">Ocupaci&#xF3;n militar norteamericana --</subfield>
    <subfield code="t">Per&#xED;odo de la Tercera Rep&#xFA;blica --</subfield>
    <subfield code="g">Conclusiones --</subfield>
    <subfield code="g">Bibliograf&#xED;a.</subfield>
  </datafield>
  <datafield tag="650" ind1=" " ind2="4">
    <subfield code="a">Protectorados</subfield>
    <subfield code="x">Historia</subfield>
    <subfield code="9">45565</subfield>
  </datafield>
  <datafield tag="651" ind1=" " ind2="4">
    <subfield code="a">Rep&#xFA;blica Dominicana</subfield>
    <subfield code="x">Historia</subfield>
    <subfield code="9">170</subfield>
  </datafield>
  <datafield tag="651" ind1=" " ind2="4">
    <subfield code="a">Rep&#xFA;blica Dominicana</subfield>
    <subfield code="x">Pol&#xED;tica Y Gobierno</subfield>
    <subfield code="x">Historia</subfield>
    <subfield code="9">1212</subfield>
  </datafield>
  <datafield tag="651" ind1=" " ind2="4">
    <subfield code="a">Isla Hispaniola (Hait&#xED; Y Rep&#xFA;blica Dominicana{Rpara}</subfield>
    <subfield code="x">Colonias</subfield>
    <subfield code="x">Historia</subfield>
    <subfield code="9">45566</subfield>
  </datafield>
  <datafield tag="700" ind1="1" ind2=" ">
    <subfield code="a">P&#xE9;rez, Carlos Federico,</subfield>
    <subfield code="d">1912-1984</subfield>
    <subfield code="e">pr&#xF3;l.</subfield>
    <subfield code="9">24849</subfield>
  </datafield>
  <datafield tag="910" ind1=" " ind2=" ">
    <subfield code="a">Validado. Control de calidad EMS</subfield>
  </datafield>
  <datafield tag="049" ind1=" " ind2=" ">
    <subfield code="a">BNPD</subfield>
  </datafield>
  <datafield tag="952" ind1=" " ind2=" ">
    <subfield code="0">0</subfield>
    <subfield code="1">0</subfield>
    <subfield code="7">1</subfield>
    <subfield code="8">PD</subfield>
    <subfield code="a">PD</subfield>
    <subfield code="b">PD</subfield>
    <subfield code="c">HD</subfield>
    <subfield code="d">2010-09-15</subfield>
    <subfield code="i">LF1</subfield>
    <subfield code="l">0</subfield>
    <subfield code="o">972.93 B562o</subfield>
    <subfield code="p">21979-10</subfield>
    <subfield code="r">2020-06-25</subfield>
    <subfield code="w">2020-06-25</subfield>
    <subfield code="y">LFPD</subfield>
    <subfield code="Z">No se presta</subfield>
  </datafield>
  <datafield tag="952" ind1=" " ind2=" ">
    <subfield code="0">0</subfield>
    <subfield code="1">0</subfield>
    <subfield code="7">1</subfield>
    <subfield code="8">PD</subfield>
    <subfield code="a">PD</subfield>
    <subfield code="b">PD</subfield>
    <subfield code="c">HD</subfield>
    <subfield code="d">2010-09-20</subfield>
    <subfield code="i">LF1</subfield>
    <subfield code="l">0</subfield>
    <subfield code="o">972.93 B562o</subfield>
    <subfield code="p">21979-20</subfield>
    <subfield code="r">2020-06-25</subfield>
    <subfield code="t">e. 2</subfield>
    <subfield code="w">2020-06-25</subfield>
    <subfield code="y">LFPD</subfield>
    <subfield code="Z">No se presta</subfield>
  </datafield>
  <datafield tag="999" ind1=" " ind2=" ">
    <subfield code="c">21477</subfield>
    <subfield code="d">21477</subfield>
  </datafield>
</record>
